Govt. of
Madhya Pradesh

The Quilting Patchwork & Applique Project Book (Record no. 40144)

MARC details
000 -LEADER
fixed length control field 004580000a22001690004500
003 - CONTROL NUMBER IDENTIFIER
control field MACL
005 - DATE AND TIME OF LATEST TRANSACTION
control field 20151220122001.0
008 - FIXED-LENGTH DATA ELEMENTS--GENERAL INFORMATION
fixed length control field 151220b xxu||||| |||| 00| 0 eng d
040 ## - CATALOGING SOURCE
Original cataloging agency MACL
Transcribing agency MACL
041 ## - LANGUAGE CODE
Language code of text/sound track or separate title English
082 ## - DEWEY DECIMAL CLASSIFICATION NUMBER
Classification number 680/HAL
100 ## - MAIN ENTRY--PERSONAL NAME
Personal name Hall, Dorothea
9 (RLIN) 21549
245 ## - TITLE STATEMENT
Title The Quilting Patchwork & Applique Project Book
260 ## - PUBLICATION, DISTRIBUTION, ETC. (IMPRINT)
Name of publisher, distributor, etc. J G Press
Date of publication, distribution, etc. 1996
Place of publication, distribution, etc. Singapore
650 ## - SUBJECT ADDED ENTRY--TOPICAL TERM
Topical term or geographic name as entry element Manufacture for Specific use
9 (RLIN) 21550
942 ## - ADDED ENTRY ELEMENTS (KOHA)
Koha item type Books
Call number prefix 680/HAL
Source of classification or shelving scheme
Holdings
Withdrawn status Lost status Source of classification or shelving scheme Damaged status Not for loan Home library Current library Date acquired Total Checkouts Full call number Barcode Date last seen Uniform Resource Identifier Price effective from Koha item type
          MACL MACL 15/04/2015   680/HAL RBKS RB0003445 29/04/2015 40389 15/04/2015 Books